Khái quát về lịch sử nước Mỹ = Outline of U.S. History
“Khái quát về lịch sử nước Mỹ” là ấn phẩm của Bộ Ngoại giao Hoa Kỳ. Ấn bản đầu tiên (1949-1950) đã được hoàn tất theo sáng kiến của Francis Whitney.Ấn phẩm này đã được cập nhật và hiệu chỉnh rất nhiều lần trong những năm qua bởi Keith...
Сохранить в:
| Соавтор: | |
|---|---|
| Формат: | |
| Язык: | Undetermined |
| Опубликовано: |
Thành phố Hồ Chí Minh
Thanh niên
2007
|
| Предметы: | |
| Метки: |
Добавить метку
Нет меток, Требуется 1-ая метка записи!
|
| Thư viện lưu trữ: | Trung tâm Học liệu Trường Đại học Cần Thơ |
|---|
| LEADER | 01418nam a2200229Ia 4500 | ||
|---|---|---|---|
| 001 | CTU_121959 | ||
| 008 | 210402s9999 xx 000 0 und d | ||
| 082 | |a 973.0202 | ||
| 082 | |b Kh103 | ||
| 110 | |a Nhà xuất bản Thanh Niên | ||
| 245 | 0 | |a Khái quát về lịch sử nước Mỹ = | |
| 245 | 0 | |b Outline of U.S. History | |
| 245 | 0 | |c Nxb. Thanh Niên | |
| 260 | |a Thành phố Hồ Chí Minh | ||
| 260 | |b Thanh niên | ||
| 260 | |c 2007 | ||
| 520 | |a “Khái quát về lịch sử nước Mỹ” là ấn phẩm của Bộ Ngoại giao Hoa Kỳ. Ấn bản đầu tiên (1949-1950) đã được hoàn tất theo sáng kiến của Francis Whitney.Ấn phẩm này đã được cập nhật và hiệu chỉnh rất nhiều lần trong những năm qua bởi Keith W. Olsen, Giáo sư Lịch sử Hoa Kỳ tại trường Đại học Maryland, Nathan Glick cùng nhiều người khác. Trong cuốn sách này tác giả đề cập đến một số sự kiện của bản thân nước Mỹ, và cả một số sự kiện liên quan đến đời sống kinh tế, chính trị thế giới. | ||
| 650 | |a United States | ||
| 650 | |x History | ||
| 650 | |z United States | ||
| 904 | |i Thủy | ||
| 980 | |a Trung tâm Học liệu Trường Đại học Cần Thơ | ||